000
00277nam a2200121 a 4500
008
101022s1967|||| d
245
1
0
_a
Nenašla som ťa
100
1
_a
Lászlová, Karin
044
_a
xo
_c
SK
260
_b
Obzor
_a
Bratislava
_c
1967
020
_c
11
041
_a
slo
999
_c
12091
_d
12091